000 00351pab a2200145 454500
008 180718b1998 xxu||||| |||| 00| 0 eng d
100 _aAnand, H.S.
245 _aInformal sector and urban employment generation
260 _c1998
300 _ap.227-32
362 _aApr-Jun
650 _aEmployment
773 _aManpower Journal
909 _a38122
999 _c38122
_d38122